| Tag |
First Indicator |
Second Indicator |
Subfields |
| LEADER |
00000cam a2200000 4500 |
| 001 |
in00000051289 |
| 005 |
20151007065944.0 |
| 008 |
721108s1962 iluab b 00000 eng |
| 010 |
|
|
|a 62010996
|
| 035 |
|
|
|a (OCoLC)00490142
|
| 035 |
|
|
|9 AAE3037AM
|
| 040 |
|
|
|a DLC
|c WSU
|d OCL
|d TXA
|d UtOrBLW
|
| 049 |
|
|
|a TXAM
|c 1 [360680]
|c 2 [422122]
|
| 050 |
0 |
0 |
|a GN671.N5
|b B4
|
| 082 |
0 |
|
|a 572.9955
|
| 092 |
|
|
|a 572.995
|b B524e, 1962
|
| 100 |
1 |
|
|a Berndt, Ronald M.
|q (Ronald Murray),
|d 1916-1990.
|
| 245 |
1 |
0 |
|a Excess and restraint ;
|b social control among a New Guinea mountain people.
|
| 264 |
|
1 |
|a [Chicago] :
|b University of Chicago Press,
|c [1962]
|
| 300 |
|
|
|a xxii, 474 pages :
|b illustrations, maps. ;
|c 24 cm.
|
| 336 |
|
|
|a text
|b txt
|2 rdacontent
|
| 337 |
|
|
|a unmediated
|b n
|2 rdamedia
|
| 338 |
|
|
|a volume
|b nc
|2 rdacarrier
|
| 504 |
|
|
|a Bibliography: pages 427-448.
|
| 650 |
|
0 |
|a Ethnology
|z New Guinea.
|
| 650 |
|
0 |
|a Social control.
|
| 999 |
|
|
|a MARS
|
| 999 |
f |
f |
|s 0f86ddb5-1eab-3c51-9c33-d093a0f27e58
|i a695c394-2f22-389a-b922-fb26998b0610
|t 0
|
| 952 |
f |
f |
|p ric
|a Texas A&M University
|b Rellis Campus
|c Joint Library Facility
|d Remote Storage
|t 0
|e GN671.N5 B4
|h Library of Congress classification
|i unmediated -- volume
|m A14800968768
|
| 998 |
f |
f |
|a GN671.N5 B4
|t 0
|l Remote Storage
|